| 000 | 00653nas a2200229 4500 | ||
|---|---|---|---|
| 001 | BR8203008 | ||
| 003 | BR-BrBNA | ||
| 005 | 20231205085159.0 | ||
| 007 | ta | ||
| 008 | 230509b bl.|||p| |||| 00| 00por d | ||
| 040 |
_aBR-BrBNA _bpor _cBiblioteca Nacional de Agricultura |
||
| 041 | _a(Pt) | ||
| 072 | _aF00 | ||
| 100 | 1 | _aReche, A. | |
| 245 | 1 | _aMilho: tecnicas para maior produtividade [Zea mays] | |
| 650 | _aMILHO | ||
| 650 | _aPRATICA CULTURAL | ||
| 650 | _aCOLHEITA | ||
| 773 | 0 |
_tAgricultura de Hoje (Brazil) _xISSN 0100-5707 _g(Oct 1982), v. 7(84) p. 8-13 _wBR8203008 |
|
| 909 |
_a202311 _bLúcia _c55 _dLúcia Elande |
||
| 942 |
_2AGRIS _n0 _cANA |
||
| 999 |
_c109785 _d109785 |
||